01678nam a2200325 i 4500001001000000003000900010005001700019008004100036040003000077082002300107100006500130245010500195264004900300300005200349336002700401337003300428338002800461490007500489500007200564590002500636650006200661651005100723651005800774830008100832910003700913942001400950952012100964952025001085999001701335000034341DO-SdBNP20241030110129.0111003s1929 dr 000 0 spa d aDO-SdBNPbspacBNPHUerda 4a972.9365bK92a2221 aKrieger, Herbert W.q(Herbert William),d1889-eautor95976410aArcheological and historical investigations in Samaná Dominican Republic /cby Herbert W. Krieger. aWashington :bU.S. Govt. print. off.,c1929. a91 páginas. :bilustraciones mapas. ;c24 cm. ardacontentbtexto2txt ardamediabsin mediación2n ardacarrierbvolumen2nc1 aSmithsonian Institution. United States National museum. Bulletin v147 aIncluye referencias bibliográficas y notas al pie de las paginas  aInventariado,2024/DG 4aIndígenas de las AntillaszRepública Dominicana91048 4aRepública DominicanaxAntigüedades 945302 0a Samaná (República Dominicana : Provincia)976953 0aSmithsonian institution. United States National museum. Bulletinv147959765 aValidado. Control de calidad MFF 2ddccLBS1 00102ddc7-18PDaBNPHUbBNPHUcOId2011-10-03iLF1l0oxx xxp34341-10r2020-06-25w2020-06-25yLFPDZNo se presta 00102ddc51708PDaBNPHUbBNPHUcCTd2024-10-30eDonado por la Presidencia de la República Dominicana 2023l0oBNPHU PD 972.9365 K92ap2024-6274r2024-10-30te.2w2024-10-30yLBS1zPertenecio a la biblioteca personal de Emilio Cordero Michel c33832d33832